[Event "Bicaz City Cup"]
[Site "Bicaz"]
[Date "2020.03.08"]
[Round "7"]
[White "Chiprian, Ionel"]
[Black "Vasile, Alexandru"]
[Result "0-1"]
[WhiteElo "1861"]
[BlackElo "1658"]
[PlyCount "86"]
[EventDate "2020.03.05"]
[EventType "swiss"]
[EventRounds "7"]
[EventCountry "ROU"]
[SourceTitle "CBM 195 Extra"]
[Source "ChessBase"]
[SourceDate "2020.05.31"]
[SourceVersion "1"]
[SourceVersionDate "2020.05.31"]
[SourceQuality "1"]

1. c4 e5 2. Nc3 Nc6 3. Nf3 g6 4. g3 Bg7 5. Bg2 d6 6. d3 Nf6 7. 0-0 0-0 8. Bd2 Bf5 9. Nh4 Be6 10. Nf3 h6 11. Rb1 Qd7 12. Re1 Bh3 13. Bh1 Ng4 14. Nd5 Nd8 15. e4 c6 16. Ne3 Ne6 17. Qc1 Kh7 18. b4 Nxe3 19. Bxe3 f5 20. Bg2 Bxg2 21. Kxg2 f4 22. Bd2 g5 23. g4 Nc5 24. h3 Nxd3 25. Qc2 Nxe1+ 26. Rxe1 Bf6 27. Rg1 Kg7 28. Bc3 Qe6 29. Nd2 b5 30. f3 bxc4 31. a3 Rad8 32. Bb2 d5 33. Rc1 a6 34. Qa4 Qc8 35. Qa5 Qb7 36. Qc5 Qb5 37. Qf2 a5 38. Rb1 axb4 39. axb4 d4 40. Bc1 Ra8 41. Nf1 c3 42. h4 Ra4 43. h5 Rfa8 0-1